О процессах формирования разряда в твердых диэлектриках; Физика твердого тела; Т. 3, № 11

Podrobná bibliografie
Parent link:Физика твердого тела/ Академия наук СССР.— , 1959-.— 0367-3294
Т. 3, № 11.— 1961.— с. 3272-3277
Hlavní autor: Воробьев А. А. Александр Акимович
Další autoři: Воробьев Г. А. Григорий Абрамович, Торбин Н. М.
Jazyk:ruština
Vydáno: 1961
Témata:
Médium: MixedMaterials Kapitola
KOHA link:https://koha.lib.tpu.ru/cgi-bin/koha/opac-detail.pl?biblionumber=421834

MARC

LEADER 00000naa2a2200000 4500
001 421834
005 20241225170540.0
035 |a (RuTPU)RU\TPU\prd\79612 
035 |a RU\TPU\tpu\4182 
090 |a 421834 
100 |a 20100406d1961 k||y0rusy50 ca 
101 0 |a rus 
102 |a RU 
200 1 |a О процессах формирования разряда в твердых диэлектриках  |f А. А. Воробьев, Г. А. Воробьев, Н. М. Торбин 
320 |a Библиогр.: 12 назв. 
461 0 |0 (RuTPU)RU\TPU\prd\409  |x 0367-3294  |t Физика твердого тела  |f Академия наук СССР  |d 1959- 
463 |0 (RuTPU)RU\TPU\prd\20737  |t Т. 3, № 11  |v с. 3272-3277  |d 1961 
610 1 |a электричество 
610 1 |a труды учёных ТПУ 
610 1 |a диэлектрики 
610 1 |a пробой 
700 1 |a Воробьев  |b А. А.  |c российский физик  |c ректор Томского политехнического института, профессор  |f 1909-1981  |g Александр Акимович  |3 (RuTPU)RU\TPU\pers\12805  |4 070 
701 1 |a Воробьев  |b Г. А.  |c российский ученый, электрофизик  |c профессор кафедры техники высоких напряжений Томского политехнического института  |c профессор Томского университета систем управления и радиоэлектроники  |f 1925-  |g Григорий Абрамович  |3 (RuTPU)RU\TPU\pers\19775  |4 070 
701 1 |a Торбин  |b Н. М.  |4 070 
801 0 |a RU  |b 63413507  |c 20011210  |g PSBO 
801 2 |a RU  |b 63413507  |c 20100415  |g PSBO 
942 |c BK